Which City in Australia? - Statistics

General Stats
  • This quiz has been taken 34,260 times
    34,220 since last reset
  • The average score is 12 of 20
Answer Stats
Hint City % Correct
Capital of Australia Canberra
99%
The first European settlement in Australia Sydney
98%
Southernmost major city in the world Melbourne
96%
Most isolated major city in the world Perth
92%
Capital of Queensland Brisbane
88%
Surfers Paradise and Burleigh Heads are located on this "coast" {Gold} Coast
86%
Territorial capital named for a great 19th century scientist Darwin
80%
Near Barossa Valley wineries Adelaide
73%
Capital of Tasmania Hobart
71%
Shares its name with a city in northeast England Newcastle
66%
City of above 25,000 near the geographical center of Australia Alice Springs
57%
Gateway to the Great Barrier Reef for most tourists Cairns
50%
Queensland's other "coast" {Sunshine} Coast
44%
The "Gong" in the Illawarra coastal region of NSW {Wollong}ong
43%
Unofficial capital of tropical North Queensland, with a name that is a synonym of "Cityburg" Townsville
41%
"Bay" at the easternmost point of mainland Australia {Byron} Bay
33%
Port city southwest of the above Geelong
32%
Second largest city in Tasmania, known for its architecture Launceston
27%
Victoria gold rush boomtowns Ballarat
23%
Victoria gold rush boomtowns Bendigo
21%
No matching quizzes found
Score Distribution
Percent of People with Each Score
Percentile by Number Answered
Your Score History
You have not taken this quiz since the last reset